Starting Quarterback Rankings For 2017-18 Season - Statistics

General Stats
  • This quiz has been taken 22 times
  • The average score is 11 of 32
Answer Stats
# Quarterback % Correct
1 Tom Brady
100%
2 Aaron Rodgers
95%
3 Ben Roethlisberger
63%
6 Drew Brees
63%
4 Matt Ryan
58%
5 Russell Wilson
58%
7 Cam Newton
53%
9 Eli Manning
42%
8 Andrew Luck
32%
15 Andy Dalton
32%
12 Dak Prescott
32%
11 Philip Rivers
32%
14 Alex Smith
26%
18 Carson Palmer
26%
10 Derek Carr
26%
17 Jameis Winston
26%
20 Joe Flacco
26%
19 Kirk Cousins
26%
16 Marcus Mariota
26%
25 Blake Bortles
21%
24 Carson Wentz
21%
21 Jay Cutler
21%
13 Matthew Stafford
21%
28 Trevor Siemian
21%
22 Tyrod Taylor
21%
26 Brian Hoyer
16%
30 Deshaun Watson
16%
29 Jared Goff
16%
32 Josh McCown
16%
27 Mike Glennon
16%
23 Sam Bradford
16%
31 DeShone Kizer
11%
No matching quizzes found
Score Distribution
Percent of People with Each Score
Percentile by Number Answered
Your Score History
You have not taken this quiz